[Event "VII TCh-RUS w"]
[Site "Sochi RUS"]
[Date "2006.04.27"]
[Round "8"]
[White "Shadrina,T"]
[Black "Vasilevich,I"]
[Result "1-0"]
[WhiteElo "2371"]
[BlackElo "2345"]

1.e4 c5 2.Nf3 e6 3.d4 cxd4 4.Nxd4 Nc6 5.Nc3 a6 6.f4 Qc7 7.Be3 b5 8.Be2 Bb7
9.O-O Nxd4 10.Qxd4 Nf6 11.Bf3 Be7 12.Rad1 b4 13.Na4 O-O 14.Nb6 Rad8 15.e5 Bxf3
16.gxf3 Nh5 17.Nxd7 Qxc2 18.Qe4 Qxe4 19.fxe4 Rfe8 20.Kg2 f6 21.Kf3 Kf7 22.Nc5 fxe5
23.fxe5 Rxd1 24.Rxd1 Bxc5 25.Bxc5 g5 26.Bxb4 Nf4 27.Rd6 Rb8 28.Bc3 a5 29.b3 Ra8
30.h4 h6 31.hxg5 hxg5 32.Bd2 Ng6 33.Bc3 Nf4 34.Kg4 Ne2 35.Bd2 a4 36.Bxg5 Nc3
37.Rd7+ Kg6 38.Re7 Ra6 39.bxa4 Nxe4 40.Be3 Rxa4 41.Rxe6+ Kf7 42.Rc6 Rxa2
43.Rc4 Nd2 44.Rb4 Ke6 45.Kf4 Rc2 46.Rb6+ Kf7 47.Kf5 Nc4 48.e6+ Kg8 49.Rb8+ Kh7
50.Bf4 Re2 51.Rb4 Na5 52.Kf6 Nc6 53.Rb7+ Kg8 54.Rg7+ Kh8 55.Rc7 Rf2 56.Rxc6 Rxf4+
57.Ke5 Rf1 58.Rc8+ Kg7 59.e7 Re1+ 60.Kd6 Rd1+ 61.Kc6 Rc1+  1-0

[Event "8th Dubai Open"]
[Site "Dubai UAE"]
[Date "2006.04.28"]
[Round "6"]
[White "Kotsur,P"]
[Black "Amanov,M"]
[Result "1-0"]
[WhiteElo "2570"]
[BlackElo "2305"]

1.e4 c5 2.Nf3 Nc6 3.Nc3 e6 4.d4 cxd4 5.Nxd4 Nf6 6.Nxc6 bxc6 7.e5 Nd5 8.Ne4 Qc7
9.f4 Qb6 10.c4 Bb4+ 11.Ke2 Ba6 12.Kf3 f5 13.Nf2 Ne7 14.Be3 Bc5 15.Bxc5 Qxc5
16.Qd6 Qb6 17.b3 c5 18.Be2 Nc8 19.Qxb6 axb6 20.Ke3 Bb7 21.Bf3 Bxf3 22.gxf3 Ne7
23.Rhg1 Kf7 24.Rgd1 Ra7 25.Rd6 Nc6 26.a4 Nd4 27.Rb1 Rb8 28.Rb2 Nc6 29.h4 Rc7
30.Nd1 Ke7 31.Rg2 Kf7 32.Nc3 Nd4 33.Nb5 Nxb5 34.cxb5 Rcb7 35.Kd3 Ra8 36.Kc4 Ra5
37.Ra2 Ke7 38.Rd1 Ra8 39.a5 bxa5 40.Rd6 Kf7 41.b6 Kg6 42.Kb5 Kh5 43.Rxa5 Rab8
44.Ka6  1-0

[Event "XIII TCh-RUS"]
[Site "Sochi RUS"]
[Date "2006.04.28"]
[Round "9"]
[White "Romanov,E"]
[Black "Vitiugov,N"]
[Result "1/2-1/2"]
[WhiteElo "2480"]
[BlackElo "2550"]

1.e4 c5 2.Nf3 e6 3.d4 cxd4 4.Nxd4 Nc6 5.Nc3 Qc7 6.Be3 Nf6 7.f4 Bb4 8.Nb5 Qa5
9.e5 Nd5 10.Bd2 Nxc3 11.Bxc3 O-O 12.Qd2 Bxc3 13.Nxc3 f6 14.exf6 Rxf6 15.O-O-O d5
16.Kb1 Bd7 17.g3 Be8 18.h4 Bh5 19.Be2 Bxe2 20.Qxe2 Qb6 21.Rhe1 Rc8 22.Qg4 Nb4
23.Nxd5 Nxd5 24.Rxd5 Rxc2 25.Kxc2 Qc6+ 26.Kb1 Qxd5 27.Qe2 h5 28.a3 Rg6 29.Qe3 Qg2
30.Rg1  1/2-1/2

[Event "VII TCh-RUS w"]
[Site "Sochi RUS"]
[Date "2006.04.28"]
[Round "9"]
[White "Lahno,Kateri"]
[Black "Mongontuul,B"]
[Result "1-0"]
[WhiteElo "2468"]
[BlackElo "2378"]

1.e4 c5 2.Nf3 e6 3.d4 cxd4 4.Nxd4 Nc6 5.Nc3 a6 6.Be2 Qc7 7.O-O Nf6 8.Be3 Bb4
9.Na4 Be7 10.Nxc6 bxc6 11.Nb6 Rb8 12.Nxc8 Qxc8 13.Bd4 c5 14.Be5 Rb6 15.Qd3 O-O
16.b3 d6 17.Bb2 a5 18.a4 Qc6 19.e5 Nd5 20.Qg3 dxe5 21.Bb5 Qb7 22.Bxe5 f6
23.Bb2 Bd6 24.Qf3 Nb4 25.Qe2 Bb8 26.Rad1 Nd5 27.g3 Bc7 28.c4 Nb4 29.Rd7 Qc8
30.Rfd1 e5 31.Qg4 Rf7 32.Qh5 Rf8 33.Qg4 Rf7 34.Qh5 Rf8 35.Bc3 Re6 36.Bxb4 axb4
37.Rxg7+ Kxg7 38.Bd7 Qe8 39.Bxe8 Rfxe8 40.Rd5 Bb6 41.Rd7+ R8e7 42.Qe8 Rxd7
43.Qxd7+ Kg6 44.Qxe6 Bc7  1-0

[Event "81st ch-ARG"]
[Site "San Luis ARG"]
[Date "2006.04.29"]
[Round "4"]
[White "Valerga,D"]
[Black "Blit,J"]
[Result "1-0"]
[WhiteElo "2470"]
[BlackElo "2246"]

1.e4 c5 2.Nf3 e6 3.d4 cxd4 4.Nxd4 Nc6 5.Nc3 Nf6 6.Nxc6 bxc6 7.e5 Nd5 8.Ne4 Qc7
9.f4 c5 10.c4 Nb6 11.Qd3 Bb7 12.Be2 Be7 13.Nd6+ Bxd6 14.exd6 Qc8 15.O-O f5
16.Qg3 O-O 17.b3 Qe8 18.Bf3 Bxf3 19.Rxf3 Rc8 20.Bb2 Rf7 21.Rd1 Rc6 22.Be5 a5
23.Qg5 Nc8 24.Rh3 Qf8 25.Qh5 h6 26.Qg6 Rxd6 27.Rxd6  1-0

[Event "VII TCh-RUS w"]
[Site "Sochi RUS"]
[Date "2006.04.29"]
[Round "10"]
[White "Vasilevich,I"]
[Black "Cmilyte,V"]
[Result "0-1"]
[WhiteElo "2345"]
[BlackElo "2470"]

1.e4 c5 2.Nf3 Nc6 3.Nc3 e6 4.d4 cxd4 5.Nxd4 a6 6.Be2 Qc7 7.Be3 Nf6 8.a3 Be7
9.O-O O-O 10.f4 d6 11.Kh1 Nxd4 12.Bxd4 b5 13.e5 dxe5 14.fxe5 Nd7 15.Bd3 Bb7
16.Qh5 g6 17.Qh6 Rad8 18.Rae1 Nc5 19.Bxc5 Bxc5 20.Be4 Bd4 21.Rf3 Bxe5 22.Rh3 f5
23.Bxb7 Bxc3 24.Rxc3 Qxb7 25.h4 Qe7 26.Qf4 Rfe8 27.h5 e5 28.Qf2 Rd6 29.Rc5 e4
30.Qg3 Rf8 31.h6 g5 32.Kg1 Rxh6 33.Rc7 Qf6 34.Qe3 f4 35.Qc5 f3 36.Rf1 Rh1+  0-1

[Event "VI Mario Covas"]
[Site "Santos BRA"]
[Date "2006.04.30"]
[Round "2"]
[White "Zambrana,O"]
[Black "Lafuente,P"]
[Result "0-1"]
[WhiteElo "2425"]
[BlackElo "2405"]

1.e4 c5 2.Nf3 e6 3.d4 cxd4 4.Nxd4 Nc6 5.Nc3 a6 6.Be3 Nf6 7.Bd3 Qc7 8.O-O Nxd4
9.Bxd4 Bc5 10.Bxc5 Qxc5 11.Kh1 d6 12.Qe1 O-O 13.f4 e5 14.Qh4 Be6 15.f5 Bc4
16.Rad1 Rfd8 17.Rf3 h6 18.Rg3 Kf8 19.h3 d5 20.exd5 Bxd5 21.Nxd5 Rxd5 22.Re1 Rd4  0-1

[Event "VII TCh-RUS w"]
[Site "Sochi RUS"]
[Date "2006.04.30"]
[Round "11"]
[White "Solovjova,V"]
[Black "Vasilevich,I"]
[Result "1-0"]
[WhiteElo "2265"]
[BlackElo "2345"]

1.e4 c5 2.Nf3 e6 3.d4 cxd4 4.Nxd4 Nc6 5.Nc3 a6 6.Be3 Nf6 7.Qd2 Qc7 8.O-O-O b5
9.Bf4 Qb6 10.e5 Qxd4 11.Qxd4 Nxd4 12.exf6 Nf5 13.Bd3 g6 14.Be4 Ra7 15.Bb8 Bc5
16.g4 Nh4 17.Rhf1 g5 18.Bh1 Rb7 19.Bxb7 Bxb7 20.Bd6 Ba7 21.Rd3 Nf3 22.Ne2 h5
23.Rc3 Bc6 24.h3 Rh6 25.Be7 Bb6 26.Rd1 Bb7 27.Rd6 Ba5 28.b4 Bxb4 29.Rc7 Ba3+
30.Kd1  1-0

[Event "XIII TCh-RUS"]
[Site "Sochi RUS"]
[Date "2006.04.30"]
[Round "11"]
[White "Erenburg,S"]
[Black "Movsesian,S"]
[Result "1/2-1/2"]
[WhiteElo "2554"]
[BlackElo "2618"]

1.e4 c5 2.Nf3 Nc6 3.d4 cxd4 4.Nxd4 e6 5.Nc3 a6 6.Be2 d6 7.Be3 Bd7 8.O-O Nf6
9.a4 Be7 10.Nb3 Na5 11.Nd2 Qc7 12.Bd3 O-O 13.Qe2 Rab8 14.Kh1 Nc6 15.f4 d5
16.e5 Ne8 17.Nf3  1/2-1/2

[Event "XIII TCh-RUS"]
[Site "Sochi RUS"]
[Date "2006.04.30"]
[Round "11"]
[White "Khairullin,I"]
[Black "Grigoriants,S RUS"]
[Result "1-0"]
[WhiteElo "2544"]
[BlackElo "2568"]

1.e4 c5 2.Nf3 e6 3.d4 cxd4 4.Nxd4 Nc6 5.Nc3 a6 6.Be3 d6 7.Qd2 Nf6 8.f3 Be7
9.O-O-O O-O 10.g4 Nxd4 11.Bxd4 b5 12.g5 Nd7 13.h4 Qc7 14.Kb1 b4 15.Na4 Bb7
16.b3 Bc6 17.Nb2 d5 18.g6 Ne5 19.gxh7+ Kh8 20.Rg1 f5 21.f4 Ng4 22.exf5 exf5
23.Nd3 Bd6 24.Bh3 Bd7 25.Nxb4 Be6 26.Nd3 Rae8 27.Rde1 Bc8 28.Bg2 Re4 29.Bxe4 dxe4
30.Ne5 Nxe5 31.fxe5 Bxe5 32.Bxe5 Qxe5 33.h5 Kxh7 34.Qg5 Qf6 35.Qf4 Re8 36.Rg2 Qe5
37.Qg5 Qf6 38.Qf4 Qe5 39.Qg5 Qf6 40.Qxf6 gxf6 41.Rg6 Rf8 42.Kc1 Rf7 43.Rf1 e3
44.Kd1  1-0

[Event "Open A"]
[Site "Djakovo CRO"]
[Date "2006.05.01"]
[Round "3"]
[White "Ascic,P"]
[Black "Stojanovic,Da"]
[Result "1/2-1/2"]
[WhiteElo "2387"]
[BlackElo "2492"]

1.e4 c5 2.Nf3 e6 3.d4 cxd4 4.Nxd4 Nc6 5.Nc3 a6 6.Nxc6 bxc6 7.Bd3 d5 8.O-O Nf6
9.Qf3 Be7 10.Re1 O-O 11.Bd2 d4 12.Ne2 e5 13.h3 Be6 14.Qg3 Nd7 15.Rf1 Bh4
16.Qh2 c5 17.b3 Bg5 18.Bxg5 Qxg5 19.f4 exf4 20.Qxf4 Qxf4 21.Nxf4 Ne5 22.Be2 a5
23.Bb5 Rab8 24.a4 Bd7 25.Bxd7 Nxd7 26.Nd3 g6 27.e5 Rfe8 28.Rf4 Rbc8 29.Re1 Re6
30.c3 dxc3 31.Rc4 Nb6 32.Rxc3 c4 33.Rec1 Rcc6 34.Nb2 Rxe5 35.Nxc4 Rec5 36.Rf1 Nxc4
37.Rfc1 Kf8 38.Rxc4 Rxc4 39.bxc4 Ke7 40.Kf2 Kd6 41.Rd1+ Kc5 42.Rb1 Kxc4 43.Rb7 Rf6+
44.Ke3 h5 45.g4 hxg4 46.hxg4 Re6+ 47.Kf4 f6 48.Rb5 Ra6 49.Ke4 Kc3 50.Kf4 Kd4
51.Kg3 Kc3 52.Kf3 Kd2 53.Kf4 Kd3 54.Rd5+ Kc4 55.Rb5 Kd4  1/2-1/2

[Event "2nd Halkidiki Open"]
[Site "Kalithea GRE"]
[Date "2006.05.01"]
[Round "9"]
[White "Papadopoulos,I"]
[Black "Kiriakopoulos,A"]
[Result "1-0"]
[WhiteElo "2264"]
[BlackElo "2080"]

1.e4 c5 2.Nf3 e6 3.d4 cxd4 4.Nxd4 Nc6 5.Nc3 Qc7 6.Be2 a6 7.Be3 Nf6 8.O-O Bb4
9.Na4 O-O 10.Nxc6 bxc6 11.Nb6 Rb8 12.Nxc8 Rfxc8 13.Bxa6 Rf8 14.Bd3 Bd6 15.f4 e5
16.b3 exf4 17.Bd4 Be5 18.Bxe5 Qxe5 19.Qf3 d5 20.exd5 Nxd5 21.Qe4 Qh5 22.Rad1 Rb4
23.c4 Ne3 24.Rxf4 Nxd1 25.Rf5  1-0

[Event "VI Mario Covas"]
[Site "Santos BRA"]
[Date "2006.05.02"]
[Round "4"]
[White "Cubas,Jo"]
[Black "Leitao,R"]
[Result "0-1"]
[WhiteElo "2425"]
[BlackElo "2575"]

1.e4 c5 2.Nf3 Nc6 3.d4 cxd4 4.Nxd4 e6 5.Nc3 a6 6.g3 d6 7.Bg2 Bd7 8.O-O Nf6
9.Kh1 Be7 10.f4 Rc8 11.a4 O-O 12.Be3 Nxd4 13.Bxd4 Bc6 14.Qe2 Re8 15.a5 Nd7
16.Rfd1 Qc7 17.Rd2 Rcd8 18.Qd1 Bf6 19.Bxf6 Nxf6 20.Qg1 d5 21.exd5 Nxd5 22.Nxd5 Bxd5
23.Bxd5 Rxd5 24.Rxd5 exd5 25.Re1 Rc8 26.Qe3 h6 27.Qd3 Qxa5 28.c3 Qc5 29.Re5 Rd8
30.Qe2 Qc6 31.Qf3 a5 32.h4 b5 33.Kh2 b4 34.Qe3 bxc3 35.bxc3 a4 36.Qd3 a3
37.Re2 Rb8 38.Kh3 Ra8 39.Ra2 h5 40.Qd4 Qe6+ 41.Kg2 Rb8 42.Qd2 Qe4+ 43.Kf2 Qb1  0-1

[Event "Open A"]
[Site "Djakovo CRO"]
[Date "2006.05.03"]
[Round "5"]
[White "Budimir,Bor"]
[Black "Kostic,Vl"]
[Result "0-1"]
[WhiteElo "2328"]
[BlackElo "2461"]

1.e4 c5 2.Nc3 Nc6 3.Nf3 e6 4.d4 cxd4 5.Nxd4 Nf6 6.Ndb5 d6 7.Bf4 e5 8.Bg5 a6
9.Na3 b5 10.Bxf6 gxf6 11.Nd5 Bg7 12.c3 Ne7 13.Nxe7 Qxe7 14.Qd3 f5 15.Rd1 fxe4
16.Qxe4 Bb7 17.Qb4 O-O 18.Qxd6 Qh4 19.Qb6 Rab8 20.Qe3 f5 21.Qg3 Qe7 22.Be2 Rf6
23.f3 Kh8 24.Qh4 Rg8 25.O-O Qf7 26.c4 Rh6 27.Qf2 e4 28.cxb5 Be5 29.g3 Qg7
30.f4 Bc7 31.Nc4 e3 32.Nxe3 Bb6 33.Bf3 Re6 34.Rfe1 Rge8 35.Rd3 Qe7 36.Bxb7 Qxb7
37.Qd2 Qf3 38.Qc3+ Kg8 39.Qc4 Kg7 40.Qc7+ Kg6 41.Qd6 Rxd6 42.Rxd6+ Kh5 43.Rxb6 Rxe3
44.Rf1 Qe4 45.Rxa6 Re2  0-1

[Event "XI Ivan Cvitanovic mem"]
[Site "Split CRO"]
[Date "2006.05.03"]
[Round "5"]
[White "Bosiocic,Mari"]
[Black "Horvath,Cs1"]
[Result "1/2-1/2"]
[WhiteElo "2384"]
[BlackElo "2545"]

1.e4 c5 2.Nf3 e6 3.d4 cxd4 4.Nxd4 Nc6 5.Nc3 a6 6.Be3 Nf6 7.f3 Qb6 8.Na4 Qc7
9.Nxc6 bxc6 10.Bd3 d5 11.Qd2 c5 12.exd5 Nxd5 13.Be4 Bb7 14.Bxd5 exd5 15.Bf4 Qc6
16.b3 Be7 17.O-O O-O 18.Rfe1 Rfe8 19.Re5 Bf6 20.Rxe8+ Rxe8 21.Re1  1/2-1/2

[Event "4th TCh-SCG"]
[Site "Vrnjacka Banja SCG"]
[Date "2006.05.03"]
[Round "3"]
[White "Kalezic,B"]
[Black "Arsovic,Z"]
[Result "1/2-1/2"]
[WhiteElo "2435"]
[BlackElo "2416"]

1.e4 c5 2.Nf3 e6 3.d4 cxd4 4.Nxd4 Nc6 5.Nc3 Qc7 6.Be2 a6 7.O-O Nf6 8.Kh1 Be7
9.f4 d6 10.Be3 O-O 11.Qe1 Nxd4 12.Bxd4 b5 13.a3 Nd7 14.Qg3 Bf6 15.Bxf6 Nxf6
16.Bd3 Bb7 17.Rae1 Nd7 18.Re3 Rae8 19.Qh4 Qd8 20.Qh5 Nf6 21.Qh4 Nd7 22.Qh5 Nf6  1/2-1/2

[Event "4th TCh-SCG"]
[Site "Vrnjacka Banja SCG"]
[Date "2006.05.03"]
[Round "3"]
[White "Popovic,Al"]
[Black "Andrijevic,M"]
[Result "1-0"]
[WhiteElo "2045"]
[BlackElo "2380"]

1.e4 c5 2.Nf3 Nc6 3.d4 cxd4 4.Nxd4 e6 5.Nc3 Qc7 6.g3 a6 7.Bg2 Nf6 8.O-O d6
9.Nb3 b5 10.a4 b4 11.e5 dxe5 12.Nb5 axb5 13.axb5 Rxa1 14.Bxc6+ Bd7 15.Bxd7+ Nxd7
16.Nxa1 Be7 17.Qf3 O-O 18.Rd1 Nb6 19.Bd2 Nc4 20.Be1 Rb8 21.Qc6 Qxc6 22.bxc6 Nb6
23.c3 Rc8 24.cxb4 Rxc6 25.b5 Rc8 26.Nb3 Nd5 27.Na5 Rc2 28.b4 f6 29.Nc6 Bd6
30.Nd8 Bxb4 31.Bxb4 Nxb4 32.Rd7 Rc8 33.b6 Na6 34.Nxe6 Rc6 35.Rxg7+ Kh8 36.Re7 Kg8
37.b7 Rb6 38.h4 h5 39.Kg2 Rb3 40.Rg7+ Kh8 41.Rf7 Kg8 42.Rf8+ Kh7 43.Ra8 Rxb7
44.Rxa6 Rb5 45.Nc7 Rc5 46.Ne8  1-0

[Event "VI Mario Covas"]
[Site "Santos BRA"]
[Date "2006.05.04"]
[Round "6"]
[White "Fier,A"]
[Black "Lafuente,P"]
[Result "1/2-1/2"]
[WhiteElo "2471"]
[BlackElo "2405"]

1.e4 c5 2.Nf3 e6 3.d4 cxd4 4.Nxd4 Nc6 5.Nc3 a6 6.Nxc6 bxc6 7.Bd3 d5 8.O-O Nf6
9.Re1 Be7 10.e5 Nd7 11.Qg4 g6 12.Na4 Rb8 13.b3 O-O 14.Bh6 Re8 15.c4 a5 16.Rac1 Nb6
17.Nxb6 Rxb6 18.Re3 Ba6 19.Qf4 Qd7 20.Rf3 Bd8 21.Bg5 Bxg5 22.Qxg5 dxc4 23.bxc4 Rb2
24.h4 Qe7 25.Rf6 Qd8 26.Rd1 Rb7 27.Bc2 Rd7 28.Rxd7 Qxd7 29.h5 Rf8 30.Qh6 Qe7
31.Qg5 Qd7 32.Kh2 Bxc4 33.hxg6 hxg6 34.Bxg6 fxg6 35.Rxg6+ Kf7 36.Rg7+ Ke8
37.Rxd7 Kxd7 38.Qd2+ Bd5 39.Qxa5 Rh8+ 40.Kg1 Rg8 41.Qa7+ Ke8 42.Qb8+ Kf7
43.Qc7+ Kg6 44.Qe7 Rg7 45.Qf6+ Kh7 46.f3 Bxa2 47.g4 Bd5 48.Kf2 c5 49.Kg3 c4
50.Qh4+ Kg8 51.Qd8+ Kh7 52.f4 c3 53.f5 c2 54.Qc8 exf5 55.Qxf5+ Kh8 56.Qc8+ Bg8
57.Kf4 Rf7+ 58.Ke3 Re7 59.Kd2 Kg7 60.Qf5 Re6 61.Qg5+ Rg6 62.Qe7+ Kh6 63.Qh4+ Kg7
64.Kxc2 Be6 65.g5 Bf5+ 66.Kc3 Rc6+ 67.Kd4 Ra6 68.Kc5 Re6 69.Kd5 Ra6 70.Qb4 Kg6
71.Qe7 Ra5+ 72.Kc6 Ra6+ 73.Kb7 Re6 74.Qd8 Be4+ 75.Kc7 Kf5 76.Qd6 Rg6 77.Qd4 Re6
78.Qb2 Rg6 79.Kd7 Kxg5 80.Qf2 Bf5+ 81.Ke7 Rg7+ 82.Kf8 Rg6 83.Qe3+ Kh5 84.Qf4 Be6
85.Ke7 Bg4 86.Qh2+ Kg5 87.Qd2+ Kf5 88.Qd3+ Kg5 89.Qd2+ Kf5 90.Qd5 Kg5 91.Kf7 Bf5
92.Qd2+ Kh5 93.Qh2+ Kg5 94.Qg3+ Kh5 95.Qf3+ Kg5 96.Qd5 Kg4 97.Qd2 Kh5 98.Qf4 Be6+
99.Kf8 Bg4 100.Ke7 Rg7+ 101.Kf8 Rg6 102.Qb4 Kg5 103.Qe7+ Kh5 104.Kf7 Rh6
105.Qe8 Rg6 106.Qh8+ Kg5 107.Qd8+ Kh5 108.Qd5 Kh6 109.Qe4 Be6+ 110.Ke7 Bg4
111.Qf4+ Kh5 112.Qf6 Rh6 113.Qf7+ Kg5 114.Kf8 Rg6 115.Qe7+ Kh5 116.Kf7 Rh6
117.Qc5 Be6+ 118.Ke7 Bf5 119.Qf2 Bg4 120.Qh2+ Kg5 121.Qd2+ Kh5 122.Kf7 Rg6
123.Qh2+ Kg5 124.Qg3 Kh5 125.Ke7 Rg7+ 126.Kf8 Rg6 127.Qf4 Be6 128.Qh2+ Kg5
129.Qh7 Bf5 130.Qe7+  1/2-1/2

[Event "RC SPORT Open"]
[Site "Usti nad Orlici CZE"]
[Date "2006.05.04"]
[Round "7"]
[White "Zapolskis,A"]
[Black "Folk,P"]
[Result "1-0"]
[WhiteElo "2370"]
[BlackElo "2260"]

1.e4 c5 2.Nf3 e6 3.d4 cxd4 4.Nxd4 Nc6 5.Nc3 Qc7 6.g3 a6 7.Bg2 Nf6 8.Be3 Bb4
9.O-O Ne5 10.Bd2 Bc5 11.Bf4 d6 12.a3 Bd7 13.Nf3 h6 14.h3 Rc8 15.g4 Nc4 16.Qe2 e5
17.Bc1 Be6 18.Nd5 Nxd5 19.exd5 Bxd5 20.Nxe5 Nxe5 21.Bxd5 O-O 22.Kh1 Rce8
23.f4 Ng6 24.Qd3 Ne7 25.Bg2 f5 26.g5 Kh7 27.c4 Ng6 28.gxh6 gxh6 29.Bd2 Nh4
30.Bd5 Qg7 31.Bc3 Qg6 32.Rg1 Re3 33.Rxg6 Kxg6 34.Rg1+  1-0

[Event "4th TCh-SCG"]
[Site "Vrnjacka Banja SCG"]
[Date "2006.05.04"]
[Round "4"]
[White "Andrijevic,M"]
[Black "Kontic,D"]
[Result "1/2-1/2"]
[WhiteElo "2380"]
[BlackElo "2355"]

1.e4 c5 2.Nf3 e6 3.d4 cxd4 4.Nxd4 Nc6 5.Nc3 a6 6.Be2 Qc7 7.O-O Nf6 8.Kh1 h5
9.f4 Nxd4 10.Qxd4 Bc5 11.Qd3 Ng4 12.Bxg4 hxg4 13.Be3 Bxe3 14.Qxe3 b5 15.e5 Bb7
16.Ne4 g3 17.h3 Rxh3+ 18.gxh3 Qxc2 19.Qxg3 Bxe4+ 20.Kg1 Qxb2 21.Rae1 Qd4+
22.Qf2 Qxf2+ 23.Kxf2 Bd5 24.a3 a5 25.Rb1 Ke7 26.Rg1 Rc8 27.Rxb5 Rc2+ 28.Kg3 Rc3+
29.Kh4 Rxa3 30.Rxg7 Rf3 31.Rxa5 Rxf4+ 32.Rg4 Rf3 33.Raa4 Re3 34.Raf4 Rxe5
35.Rg7 Bc6 36.Rfxf7+ Kd6 37.Rg3 Re1 38.Kg5 e5 39.h4 e4 40.Rf6+ Ke5 41.Rf7 d5
42.Rf5+ Kd4 43.h5 Rh1 44.Rf8 e3 45.Rf4+ Kd3 46.h6 d4 47.Rgg4 e2 48.Rxd4+ Kc3
49.Rde4 Bxe4 50.Rxe4 Kd3 51.Rxe2 Kxe2 52.Kg6 Kf3 53.h7 Kf4 54.Kg7 Rxh7+  1/2-1/2

[Event "4th TCh-SCG"]
[Site "Vrnjacka Banja SCG"]
[Date "2006.05.05"]
[Round "5"]
[White "Donevski,D"]
[Black "Kontic,D"]
[Result "0-1"]
[WhiteElo "2124"]
[BlackElo "2355"]

1.e4 c5 2.Nf3 Nc6 3.d4 cxd4 4.Nxd4 e6 5.Nc3 Qc7 6.Be3 a6 7.Be2 Nf6 8.O-O Bb4
9.Na4 Be7 10.Nxc6 dxc6 11.Nb6 Rb8 12.Nxc8 Rxc8 13.Bd3 c5 14.c4 Rd8 15.Qe2 Nd7
16.f4 e5 17.f5 Nb8 18.Bc2 Nc6 19.Ba4 O-O 20.Bxc6 Qxc6 21.Qc2 b5 22.b3 Rb8
23.Rad1 bxc4 24.Qxc4 Rb4 25.Qd5 Qc7 26.a3 Rb7 27.Qc4 Qa5 28.f6 Bxf6 29.Qxc5 Rb5
30.Qc1 Rxb3 31.Rd5 Qa4 32.Bc5 Qxe4 33.Qd1 Rb2  0-1

[Event "4th TCh-SCG"]
[Site "Vrnjacka Banja SCG"]
[Date "2006.05.07"]
[Round "7"]
[White "Kovacevic,A"]
[Black "Vratonjic,S"]
[Result "1-0"]
[WhiteElo "2536"]
[BlackElo "2463"]

1.e4 c5 2.Nf3 e6 3.d4 cxd4 4.Nxd4 Nc6 5.Nc3 Qc7 6.Be2 Nf6 7.O-O Be7 8.Be3 O-O
9.f4 d6 10.Kh1 a6 11.Qe1 Nxd4 12.Bxd4 b5 13.a3 Bb7 14.Qg3 Rae8 15.Rae1 g6
16.Bf3 Nd7 17.e5 dxe5 18.fxe5 Bxf3 19.Rxf3 f5 20.exf6 Qxg3 21.Rxg3 Bxf6 22.Bxf6 Nxf6
23.Rd3 Nd5 24.Ne4 Rc8 25.c3 Rc6 26.Kg1 h6 27.Nd2 g5 28.Nf3 Nf4 29.Rd2 Rf6
30.Ne5 Rc7 31.Ng4 Rg6 32.Rd6 e5 33.Nxh6+ Kh7 34.Rxg6 Kxg6 35.Ng4 e4 36.Nf2 Rd7
37.Nxe4 Kf5 38.Ng3+ Kg6 39.Nf1 Kf6 40.g3 Ng6 41.Ne3 Rd2 42.Rf1+ Kg7 43.Rf2 Rd3
44.Nf5+ Kh7 45.Re2 a5 46.Kf2 Nf8 47.Ke1 Kg6 48.Re3 Rd7 49.Ne7+ Kf6 50.Nc6 Ng6
51.Rf3+ Kg7 52.Rf5 Rd6 53.Nxa5 g4 54.Rg5 Re6+ 55.Kd2 Re4 56.Kd3 Ra4 57.Rxb5 Kf6
58.c4 Ne5+ 59.Kc3 Nf3 60.Kb3 Rxa5 61.Rxa5 Nxh2 62.Rd5  1-0

[Event "FSIMB May"]
[Site "Budapest HUN"]
[Date "2006.05.08"]
[Round "3"]
[White "Malysheva,P"]
[Black "Mihok,O"]
[Result "1-0"]
[WhiteElo "2298"]
[BlackElo "2215"]

1.e4 c5 2.Nf3 e6 3.d4 cxd4 4.Nxd4 Nc6 5.Nc3 Qc7 6.f4 a6 7.Be2 b5 8.Nxc6 Qxc6
9.Qd3 Bb7 10.Bf3 Rc8 11.a3 Qc4 12.Be3 Nf6 13.O-O d6 14.Qd4 Nd7 15.f5 Qxd4
16.Bxd4 Ne5 17.Bh5 g6 18.Be2 gxf5 19.exf5 Rg8 20.g3 Ke7 21.fxe6 fxe6 22.Bxe5 dxe5
23.Bf3 Bxf3 24.Rxf3 Bg7 25.Raf1 Rgf8 26.Rxf8 Bxf8 27.Rf2 Bh6 28.Kf1 Bc1 29.Nd1 Rd8
30.Ke1 e4 31.c3 Rd3 32.Re2 a5 33.Nf2 Re3 34.Rxe3 Bxe3 35.b3 Bc1 36.a4 bxa4
37.bxa4 e3 38.Ne4 e5 39.c4 Bb2 40.Ke2 Bd4 41.g4 Kf7 42.h4 h6 43.Kf3 Ke6 44.h5 Ke7
45.Ke2 Ke6 46.c5 Ke7 47.c6 Bb6 48.g5 hxg5 49.h6 Kf7 50.Nxg5+ Kg6 51.h7 Kg7
52.c7 Bxc7 53.Ne6+ Kxh7 54.Nxc7 Kg6 55.Nd5 Kf5 56.Nxe3+ Ke4 57.Nc4 Kd4 58.Nxa5 Kc5
59.Nb3+ Kb4 60.a5  1-0

[Event "XXXVI Bosnia GMB"]
[Site "Sarajevo BIH"]
[Date "2006.05.08"]
[Round "2"]
[White "Stojanovski,D"]
[Black "Jovanic,O"]
[Result "1/2-1/2"]
[WhiteElo "2384"]
[BlackElo "2473"]

1.e4 c5 2.Nf3 e6 3.Nc3 Nc6 4.d4 cxd4 5.Nxd4 Qc7 6.Be3 Nf6 7.Bd3 a6 8.O-O Ne5
9.h3 Bc5 10.Kh1 d6 11.f4 Ng6 12.Qe1 O-O 13.f5 Ne5 14.Qh4 b5 15.Rf3 exf5 16.exf5 Nxf3
17.gxf3 Bb7 18.Rg1 Bxf3+ 19.Nxf3 Bxe3 20.Qxf6 Bxg1 21.Qg5 f6 22.Qxg1 Rfe8
23.Nd5 Qb7 24.Qd4 Rad8  1/2-1/2

[Event "XXXVI Bosnia GMB"]
[Site "Sarajevo BIH"]
[Date "2006.05.08"]
[Round "2"]
[White "Saric,Ib"]
[Black "Kurajica,B"]
[Result "1/2-1/2"]
[WhiteElo "2476"]
[BlackElo "2548"]

1.e4 c5 2.Nf3 Nc6 3.Nc3 e6 4.d4 cxd4 5.Nxd4 a6 6.g3 Nxd4 7.Qxd4 Ne7 8.Bf4 Nc6
9.Qd2 f6 10.O-O-O Ne5 11.Be3 Qc7 12.f4 Nc4 13.Bxc4 Qxc4 14.Bb6 Bb4 15.Qd4 Qxd4
16.Rxd4 Bxc3 17.bxc3 d5 18.c4 e5 19.fxe5 fxe5 20.Rxd5 O-O 21.Rxe5 Bd7 22.Re7 Bc6
23.Bd4 Rf7 24.Rxf7 Kxf7 25.Rf1+ Kg6 26.Rf4 Bd7 27.c5 h5 28.Kd2 Re8 29.a3 Re7
30.Kd3 Rf7 31.Be5 Bc6 32.Kd4 Rxf4 33.gxf4 Kf7 34.f5 g6 35.Ke3 Ba4 36.c3 gxf5
37.exf5 Bc6 38.Kf4 Bd5 39.Kg5 Bf3 40.c6 bxc6 41.Kf4 Bd1 42.Bd4 a5 43.Ke5 a4
44.Kd6 Bf3 45.Kc5 Be4 46.Kb4 Bc2  1/2-1/2

[Event "FSIMA May"]
[Site "Budapest HUN"]
[Date "2006.05.09"]
[Round "4"]
[White "Darazs,Z"]
[Black "Sanchez,Lo"]
[Result "1/2-1/2"]
[WhiteElo "2227"]
[BlackElo "2284"]

1.e4 c5 2.Nf3 e6 3.d4 cxd4 4.Nxd4 Nc6 5.Nc3 Qc7 6.Be3 a6 7.Qd2 Nf6 8.f3 Be7
9.O-O-O O-O 10.g4 b5 11.g5 Ne8 12.Nxc6 dxc6 13.h4 e5 14.Qf2 Be6 15.Bb6 Qb7
16.Bc5 Qc7 17.Kb1 Rd8 18.Bd3 Bxc5 19.Qxc5 Qd6 20.Qe3 Qd4 21.Qe1 Qc5 22.Ne2 b4
23.f4 exf4 24.Nxf4 Nc7 25.Qe2 Qe5 26.Nxe6 Nxe6 27.Qh2 Qxh2 28.Rxh2 Rd4 29.c3 bxc3
30.bxc3 Rb8+ 31.Rb2 Rxb2+ 32.Kxb2 Rd7 33.Kc2 Nc5 34.Bf1 Rxd1 35.Kxd1 Kf8
36.Kd2 Ke7 37.Ke3 Kd6 38.Kd4 f6 39.Bc4 a5 40.Bg8 h6 41.gxh6 gxh6 42.h5 Nd7
43.Bb3 Nb6 44.Bf7 c5+ 45.Kd3 Ke5 46.Be8 Kf4 47.Bc6 Kg4 48.e5 fxe5 49.Ke4 Nc4
50.Kd5 Nd2 51.Kxe5 Kxh5 52.c4 Nxc4+ 53.Kd5  1/2-1/2

[Event "President's Cup"]
[Site "Baku AZE"]
[Date "2006.05.10"]
[Round "7"]
[White "Guliev,L"]
[Black "Mchedlishvili,M"]
[Result "1/2-1/2"]
[WhiteElo "2384"]
[BlackElo "2567"]

1.e4 c5 2.Nf3 e6 3.d4 cxd4 4.Nxd4 Nc6 5.Nc3 Qc7 6.g3 a6 7.Bg2 d6 8.O-O Bd7
9.Re1 Be7 10.Nxc6 Bxc6 11.Qg4 h5 12.Qe2 h4 13.a4 hxg3 14.hxg3 Nf6 15.Bg5 Nd7
16.Bxe7 Kxe7 17.a5 Rac8 18.Red1 Nf6 19.Rd2 e5 20.Qc4 Bb5 21.Qxc7+ Rxc7 22.Nxb5 axb5
23.c3 Ra8 24.f3 b6 25.a6 Rca7 26.Rad1 Rxa6 27.Rxd6 Ra1 28.Bf1 Rxd1 29.Rxd1 b4
30.cxb4 Ra4 31.b5 Nd7 32.Kf2 Nc5 33.Rd2 g5 34.Rc2 Rb4 35.Bc4 Nb3 36.Bd5 Nd4
37.Rc7+ Kd6 38.Rxf7 Rxb2+ 39.Ke3 Rg2  1/2-1/2

[Event "1st Open"]
[Site "Sofia BUL"]
[Date "2006.05.12"]
[Round "2"]
[White "Arnaudov,G"]
[Black "Dimitrov,Vl"]
[Result "0-1"]
[WhiteElo "2180"]
[BlackElo "2434"]

1.e4 c5 2.Nf3 e6 3.d4 cxd4 4.Nxd4 Nc6 5.Nc3 Qc7 6.Be3 a6 7.Be2 Nf6 8.O-O Be7
9.a4 O-O 10.Kh1 d6 11.f4 Re8 12.a5 Nxa5 13.e5 dxe5 14.fxe5 Qxe5 15.Bf4 Qc5
16.Na4 Qa7 17.Be3 b6 18.Qe1 Nd5 19.Bg1 Qc7 20.c4 Nxc4 21.Rc1 b5 22.Nc3 Qd7
23.Nxd5 exd5 24.Nf5 Qxf5 25.Rxf5 Bxf5 26.Bd4 Bf8 27.Qf2 Nd6 28.Rf1 Rac8 29.Bh5 Rc7
30.Qg3 Rd7 31.Be5 Be4 32.Bg4 f5 33.Bh5 Rc8 34.Bd4 Nf7 35.h3 a5 36.Be2 Rc2
37.Bf3 a4 38.Qb8 b4 39.Qb5 Bxf3 40.Rxf3 Re7 41.Rf1 Ree2 42.Qxd5 g6 43.Rg1 Red2
44.Ra1 Rxb2 45.Re1 a3 46.Re8 a2 47.Rxf8+ Kxf8 48.Qa8+ Ke7 49.Qa7+ Ke6 50.Qb6+ Nd6
51.Bxb2 Rxb2 52.Qe3+ Ne4 53.Qb6+ Kd5 54.Qb7+ Kc4 55.Qc6+ Kb3 56.Qd5+ Kc2  0-1

[Event "FSIMA May"]
[Site "Budapest HUN"]
[Date "2006.05.13"]
[Round "8"]
[White "Sanchez,Lo"]
[Black "Bednay,B"]
[Result "0-1"]
[WhiteElo "2284"]
[BlackElo "2169"]

1.e4 c5 2.Nf3 e6 3.d4 cxd4 4.Nxd4 Nc6 5.Nc3 Qc7 6.Be3 a6 7.Be2 Nf6 8.O-O Bb4
9.Na4 Be7 10.Nxc6 bxc6 11.Nb6 Rb8 12.Nxc8 Qxc8 13.Bd4 c5 14.Be5 Rb6 15.Qd3 d6
16.Bc3 O-O 17.Qg3 d5 18.exd5 exd5 19.Be5 Bd6 20.Bxd6 Ne4 21.Qe5 Rxd6 22.f3 Re8
23.Qf4 Rf6 24.Qc1 Nd6 25.Re1 Nf5 26.Bd3 h6 27.Qd2 Rfe6 28.Bxf5 Rxe1+ 29.Rxe1 Rxe1+
30.Qxe1 Qxf5 31.Qe8+ Kh7 32.Qe2 Qf4 33.Qd3+ Kg8 34.Kf2 Qh4+ 35.Kf1 Qg5 36.b3 a5
37.a4 Qe5 38.g3 Qe6 39.Qc3 Qa6+ 40.Ke1 Qe6+ 41.Kd1 Qb6 42.Kc1 Qc7 43.f4 g6
44.Kd2 Qb6 45.Qe5 Qb4+ 46.Kc1 d4 47.Qe8+ Kg7 48.Qe5+ Kg8 49.Qe2 Qc3 50.Qe8+ Kg7
51.Kd1 Qa1+ 52.Ke2 Qg1 53.Qe5+ Kg8 54.Qxc5 d3+  0-1

[Event "1st Open"]
[Site "Sofia BUL"]
[Date "2006.05.14"]
[Round "5"]
[White "Antonov,Vl BUL"]
[Black "Enchev,E"]
[Result "1-0"]
[WhiteElo "2345"]
[BlackElo "1994"]

1.e4 c5 2.Nf3 e6 3.Nc3 Nc6 4.d4 cxd4 5.Nxd4 d6 6.g3 Nf6 7.Bg2 Bd7 8.Nb3 Be7
9.O-O O-O 10.Kh1 Qc7 11.f4 Rfd8 12.g4 Rac8 13.g5 Ne8 14.Be3 b6 15.Qe2 Na5
16.Rad1 Nc4 17.Bc1 b5 18.Rd3 Bc6 19.Nd4 a6 20.Nxc6 Qxc6 21.Nd1 Bf8 22.b3 Nb6
23.Ne3 Nd7 24.Bb2 Nc5 25.Rc3 b4 26.Rc4 Qb5 27.Qe1 a5 28.f5 d5 29.exd5 exd5
30.Nxd5 Rxd5 31.Bxd5 Nd3 32.Bxf7+ Kh8 33.cxd3  1-0